000 01000cam a2200301 i 4500
001 5547
003 BD-RjUL
005 20211208234102.0
008 131226t1979 ii b 000 0 eng
035 _a(BD-RjUL)5583
035 _a(NNC)114556
040 _aBD-RjUL
_beng
_cBD-RjUL
041 _aeng
082 0 4 _a338.72
_219
_bSHS 1979
090 _aHD2346.A744
_bS52
100 1 _aSharma, Sithamraju Venkata Subramania,
_d1922-
_917373
245 1 0 _aSmall entrepreneurial development in some Asian countries :
_ba comparative study /
_cS. V. S. Sharma, collaborators, A. H. M. Habibur Rahman ... [et al.].
250 _a1st ed.
260 _aNew Delhi :
_bLight & Life Publishers,
_cc1979.
300 _axxii, 260 p. ;
_c23 cm.
504 _aIncludes bibliographical references.
650 0 _aSmall business
_zAsia.
_917374
650 0 _aIndustrial policy
_zAsia.
_917375
700 1 _aHabibur Rahman, A. H. M.
_917376
942 _2ddc
_cBK
999 _c5547
_d5547